书目信息 |
| 题名: |
OpenGL 图形程序设计及应用环境
|
|
| 作者: | 吴海平 编著 | |
| 分册: | ||
| 出版信息: | 长沙 国防科技大学出版社 1999.06 |
|
| 页数: | 362页 | |
| 开本: | 16开 | |
| 丛书名: | ||
| 单 册: | ||
| 中图分类: | TP391.41 | |
| 科图分类: | ||
| 主题词: | 计算机应用 | |
| 电子资源: | ||
| ISBN: | 7-81024-544-9 | |
| 000 | 00608nam0 2200193 45 | |
| 001 | 0012290841 | |
| 005 | 20001229082500.0 | |
| 010 | @a7-81024-544-9@d28.00元 | |
| 100 | @a20001229d1999 km y0chiy0120 ea | |
| 101 | 0 | @achi |
| 105 | @a z 000yy | |
| 200 | 1 | @aOpenGL 图形程序设计及应用环境@AOpenGL Tu Xing Cheng Xu She Ji Ji Ying Yong Huan Jing@f吴海平等编著@FWu Hai Ping Deng Bian Zhu |
| 210 | @a长沙@c国防科技大学出版社@d1999.06 | |
| 215 | @a362页@d16开 | |
| 606 | 0 | @a计算机应用 |
| 690 | @aTP391.41@v3 | |
| 701 | 0 | @a吴海平@4编著 |
| 801 | @aCN@bPftUser@c20001229 | |
| 905 | @b317257-259@dTP391.41@eW684@f3 | |
| OpenGL 图形程序设计及应用环境/吴海平等编著.-长沙:国防科技大学出版社,1999.06 |
| 362页;16开 |
| ISBN 7-81024-544-9:28.00元 |
| ● |
| 相关链接 |
|
|
|
正题名:OpenGL图形程序设计及应用环境
索取号:TP391.41/W684
 
预约/预借
| 序号 | 登录号 | 条形码 | 馆藏地/架位号 | 状态 | 备注 |
| 1 | 317257 | 203172574 | 期刊室512/301自科库 65排2列4层/ [索取号:TP391.41/W684] | 在馆 | |
| 2 | 317258 | 203172583 | 自科二线404/301自科库 65排7列2层/ [索取号:TP391.41/W684] | 在馆 | |
| 3 | 317259 | 203172592 | 期刊室512/301自科库 65排2列4层/ [索取号:TP391.41/W684] | 在馆 |